000 00525nam a2200181Ia 4500
008 090123s9999 xx 000 0 und d
082 _b36401
100 _aDIXIT RAMESH DUTTA
245 _aPOLITIKAL GEOGRAPHY THE DISCIPLINE AND ITS DIMENSIONS
250 _a0
260 _bDNYA
300 _a283
600 _aDIXIT RAMESH DUTTA
630 _aPOLITIKAL GEOGRAPHY THE DISCIPLINE AND ITS DIMENSIONS
700 _aDIXIT RAMESH DUTTA
730 _aPOLITIKAL GEOGRAPHY THE DISCIPLINE AND ITS DIMENSIONS
942 _cBOOK
999 _c74469
_d74469